[Event "RSA-ch U14"]
[Site "Waterkloof"]
[Date "2015.04.06"]
[Round "3"]
[White "Blows, Kian"]
[Black "Danisa, Anele"]
[Result "1-0"]
[WhiteElo "1039"]
[BlackElo "1260"]
[PlyCount "63"]
[EventDate "2015.04.04"]
[EventType "swiss"]
[EventRounds "9"]
[EventCountry "RSA"]
[SourceTitle "CBM 166 Extra"]
[Source "ChessBase"]
[SourceDate "2015.06.18"]
[SourceVersion "1"]
[SourceVersionDate "2015.06.18"]
[SourceQuality "1"]

1. e4 e5 2. Nf3 Nc6 3. Bc4 Nf6 4. Ng5 d5 5. exd5 Na5 6. Bb5+ c6 7. dxc6 bxc6 8. Ba4 Qd5 9. 0-0 h6 10. Nc3 Qc4 11. d3 Qd4 12. Be3 Qd8 13. Nf3 Bg4 14. a3 Nd5 15. Nxd5 Qxd5 16. b4 Nb7 17. c4 Qe6 18. d4 e4 19. d5 Qc8 20. dxc6 Nd6 21. Bc5 Qc7 22. Re1 Be7 23. Bxd6 Bxd6 24. Rxe4+ Be6 25. Nd4 Rd8 26. Rxe6+ fxe6 27. Nxe6 Bxh2+ 28. Kh1 Rxd1+ 29. Rxd1 Qc8 30. Rd8+ Qxd8 31. c7+ Ke7 32. cxd8Q+ 1-0

[Event "RSA-ch U14"]
[Site "Waterkloof"]
[Date "2015.04.06"]
[Round "4"]
[White "Millard, Chad"]
[Black "Danisa, Anele"]
[Result "1/2-1/2"]
[WhiteElo "1125"]
[BlackElo "1260"]
[PlyCount "23"]
[EventDate "2015.04.04"]
[EventType "swiss"]
[EventRounds "9"]
[EventCountry "RSA"]
[SourceTitle "CBM 166 Extra"]
[Source "ChessBase"]
[SourceDate "2015.06.18"]
[SourceVersion "1"]
[SourceVersionDate "2015.06.18"]
[SourceQuality "1"]

1. d4 Nf6 2. Bf4 g6 3. c4 e6 4. Nc3 Bg7 5. Nf3 d6 6. e3 Nbd7 7. Be2 0-0 8. 0-0 e5 9. Bg5 h6 10. Bh4 g5 11. Bg3 c5 12. b4 1/2-1/2